000 00741nam a2200205 a 4500
003 0
005 20250429145850.0
008 970111s19uu xx 00 eng d
050 _aPGS BV 1450
_b.Ap643 2003
100 _aApolinario, Kathryn Joanna L.
245 _aChristian beliefs and practices among grade 6 students /
_cKathryn Joanna L. Apolinario.
260 _aLas PiƱas City, Philippines :
_bSouthville International School and Colleges,
_c2003.
300 _a41 pages :
_billustrations ;
_c28 cm.
504 _aIncludes bibliographical references.
650 _aChristianity
_vReligious aspects.
650 _aChildren
_vReligious life.
650 _aReligious practices.
650 _aReligious education.
942 _2lcc
_cPASS
999 _c96829
_d96829